00291nam a22000977a 4500008004100000040005500041245002000096260005300116942000700169999001700176230828b |||||||| |||| 00| 0 eng d aNational Science LibrarycNational Science Library aBuilding digest aRoorkee: bCentral Building Research Institute,  cCR c59822d59822